Priznanie k dani z príjmov fyzických osôb za rok 2000
Povinnosť podať daňové priznanie k dani z príjmov fyzických osôb. Vypĺňanie daňových priznaní za rok 2000 podľa zákona č. 366/1999 v znení neskorších predpisov. Právna úprava. Vysvetlenie pojmov. Výpočet dane - praktické príklady. Podávanie daňových priznaní, prílohy a vzory vyplnených tlačív.
Saved in:
| Main Author: | |
|---|---|
| Format: | Book Chapter |
| Language: | Slovak |
| Subjects: | |
| Tags: |
No Tags, Be the first to tag this record!
|
MARC
| LEADER | 00000naa a2200000 4500 | ||
|---|---|---|---|
| 001 | r040706 | ||
| 005 | 20231003084300.9 | ||
| 041 | 0 | |a slo | |
| 044 | |a SK | ||
| 245 | 1 | 0 | |a Priznanie k dani z príjmov fyzických osôb za rok 2000 |c Valéria Jarinkovičová |
| 520 | |a Povinnosť podať daňové priznanie k dani z príjmov fyzických osôb. Vypĺňanie daňových priznaní za rok 2000 podľa zákona č. 366/1999 v znení neskorších predpisov. Právna úprava. Vysvetlenie pojmov. Výpočet dane - praktické príklady. Podávanie daňových priznaní, prílohy a vzory vyplnených tlačív. | ||
| 610 | 2 | 0 | |a priznania daňové |
| 610 | 2 | 0 | |a osoby fyzické |
| 610 | 2 | 0 | |a povinnosť daňová |
| 610 | 2 | 0 | |a dane z príjmov |
| 610 | 2 | 0 | |a 2000 |
| 100 | 1 | |a Jarinkovičová, Valéria | |